| 000 | 00511nam a22001937a 4500 | ||
|---|---|---|---|
| 999 |
_c65629 _d65629 |
||
| 005 | 20240530110835.0 | ||
| 008 | 191021s2008 f b 000 0 ara d | ||
| 017 | _bمصر. دار الكتب | ||
| 020 | _a9788496424777 | ||
| 040 |
_aEG-CaGPL _cEG-CaGPL |
||
| 082 | 0 | 4 |
_221 _a712 _bK L |
| 100 | 0 | _akrauel ,jacoba | |
| 245 | 1 | 0 |
_aLANDSCAPE DESIGN PROMENADES / _ckrauel ,jacoba |
| 260 |
_alondon : _c2008 |
||
| 300 |
_a179 P. ؛ _c28 cm |
||
| 650 | 0 | 7 |
_2qrmak _aLANDSCAPE |
| 651 | _2qrmak | ||
| 942 |
_2ddc _cBK |
||